Domestic financing of economic development ; methods of increasing domestic savings and of ensuring their most advantageous use for the purpose of economic development /

Bibliographic Details
Corporate Author: United Nations. Department of Economic Affairs
Format: Book
Language:English
Published: New York, [publisher not identified] ; 1950.
Series:United Nations. [Document] ST/ECA/7
Subjects:

MARC

Tag First Indicator Second Indicator Subfields
LEADER 00000cam a2200000 4500
001 in00000075434
005 20151008052640.0
008 770719s1950 nyu 00000 eng
010 |a  51005307  
035 |a (OCoLC)03127083 
035 |9 AAH4289AM 
040 |a DLC  |c OCP  |d TXA  |d UtOrBLW 
049 |a TXAM  |c [200059] 
050 0 |a JX1977.A2 ST/ECA/7 
051 |a HG4516  |b .U5  |c Copy 2. 
082 0 |a 332.67 
090 |a HG4516  |b .U5 1950 
092 |a 332.67  |b U575d 
110 2 |a United Nations.  |b Department of Economic Affairs. 
245 1 0 |a Domestic financing of economic development ;  |b methods of increasing domestic savings and of ensuring their most advantageous use for the purpose of economic development /  |c [Prepared by the Economic Development Section of the Division of Economic Stability and Development in the United Nations Dept. of Economic Affairs]. 
264 1 |a New York,  |b [publisher not identified] ;  |c 1950. 
300 |a vi, 231 pages ;  |c 23 cm. 
336 |a text  |b txt  |2 rdacontent 
337 |a unmediated  |b n  |2 rdamedia 
338 |a volume  |b nc  |2 rdacarrier 
490 0 |a United Nations. [Document] ST/ECA/7 
500 |a "United Nations publications. Sales number: 1951.II.B.1." 
650 0 |a Saving and investment. 
650 0 |a Investments. 
999 |a MARS 
999 f f |s 10871c15-be82-3d0a-b9e4-0254f9e81f8d  |i 2fdd4379-7249-357d-9ff9-38425b572b89  |t 0 
952 f f |p ric  |a Texas A&M University  |b Rellis Campus  |c Joint Library Facility  |d Remote Storage  |t 0  |e HG4516 .U5 1950  |h Library of Congress classification  |i unmediated -- volume  |m A14800737379 
998 f f |a HG4516 .U5 1950  |t 0  |l Remote Storage